Viejo cocodrilo, ¡llora! /

Guardado en:
Bibliografiske detaljer
Hovedforfatter: Bestard, Joaquín (autor)
Format: Bog
Sprog:spansk
Udgivet: México : Joaquín Mortiz, 1976, c1976
Serier:(Serie del Volador)
Fag:
Tags: Tilføj Tag
Ingen Tags, Vær først til at tagge denne postø!

MARC

LEADER 00000nam^a2200000^a^4500
001 000321267
005 20250521000000.0
009 20260310113537.196
025 |a Donación Alvaro Gómez Saborío, 1 ejemplar 
037 |a Acervo ITESO - Biblioteca 
041 |a ESP 
082 |a 863.  |b BES 
100 |a Bestard, Joaquín  |e (autor) 
245 1 3 |a Viejo cocodrilo, ¡llora! /  |c J. Bestard. 
264 4 |a México :  |b Joaquín Mortiz,  |c 1976, c1976 
300 |a 142 p. 
336 |a texto  |b txt  |2 rdacontenido 
337 |a sin mediación  |b n  |2 rdamedio 
338 |a volumen  |b nc  |2 rdasoporte 
440 1 |a (Serie del Volador) 
649 |a XX 
650 |a Novela Mexicana 
650 |a Literatura Mexicana -  |y Siglo XX 
910 |a Fondo General 
920 |a Impresos - Libros 
930 |a Colección General 
940 |a Literatura 
905 |a 101 
901 |a 0500208305  |b IT1  |c LIT  |i D  |u 20250521 
902 |a https://opac.biblio.iteso.mx/vufind/Record/000321267